Statistics for They Shoot Pictures, Don't They? - films 321 to 340

Click here to take the quiz!

General Stats

  • This quiz has been taken 26 times
  • The average score is 7 of 20

Answer Stats

Answer% Correct
The Empire Strikes Back
95%
Cabaret
68%
City of God
63%
The Kid
53%
Bonnie and Clyde
47%
In the Realm of Senses
42%
The Philadelphia Story
42%
The Wages of Fear
42%
All that Jazz
37%
Underground
37%
Beauty and the Beast
32%
Husbands
32%
The Young Girls of Rochefort
26%
A Canterbury Tale
21%
Broken Blossoms
21%
The Tree of Wooden Clogs
21%
Werckmeister Harmonies
21%
Él
16%
Pyaasa
16%
The Puppetmaster
16%

Score Distribution

Percentile by Number Answered

Percent of People with Each Score

Your Score History

You have not taken this quiz